000 00451nam a22001817a 4500
003 LK-CoDNM
005 20250228145658.0
008 250123b |||||||| |||| 00| 0 eng d
040 _aLK-CoDNM
_dLK-CoDNM
_eLK-CoDNM
041 _aeng
080 _aRC
_b589
100 _aSILVERMAN,DAVID
245 _aANCIENT EGYPT
260 _c1874
_aLONDON
_bDUNCAN BARID PUBLICATION
300 _a236 p. : ill ; 22cm
650 _aANCIENT EGYPT
942 _cBK
999 _c238590
_d238590